| 000 | 00548nam a2200181 i 4500 | ||
|---|---|---|---|
| 001 | 115988 | ||
| 003 | ES-MaACL | ||
| 005 | 20250807211348.0 | ||
| 007 | t| | ||
| 008 | 061121s1933 sp r ||||1| spa d | ||
| 100 | 1 |
_aOrtiz de Pinedo, Adelardo. _987602 |
|
| 245 | 1 | 0 |
_aMujeres de la Biblia / _cAdelardo Ortiz de Pinedo. |
| 260 |
_aMadrid : _b[s.n.], _c1933 ( _fImp. de El Consultor de los Ayuntamientos) |
||
| 300 |
_a142 p. ; _c20 cm. |
||
| 650 | 7 |
_aMujeres en la Biblia _2embne _915334 |
|
| 852 | 4 |
_aES-MaACL _jA-3185 |
|
| 999 |
_c115988 _d115988 |
||